Electromagnetic compatibility handbook / (Record no. 18218)
[ view plain ]
| 000 -LEADER | |
|---|---|
| fixed length control field | 00918cam a22002654a 4500 |
| 001 - CONTROL NUMBER | |
| control field | 13472803 |
| 005 - DATE AND TIME OF LATEST TRANSACTION | |
| control field | 20140407144907.0 |
| 008 - FIXED-LENGTH DATA ELEMENTS--GENERAL INFORMATION | |
| fixed length control field | 040129t2005 xxuadk frbf 001 0 eng d |
| 010 ## - LIBRARY OF CONGRESS CONTROL NUMBER | |
| LC control number | 2004043571 |
| 020 ## - INTERNATIONAL STANDARD BOOK NUMBER | |
| International Standard Book Number | 0849320879 (alk. paper) |
| 020 ## - INTERNATIONAL STANDARD BOOK NUMBER | |
| International Standard Book Number | 9780849320873 (alk. paper) |
| 040 ## - CATALOGING SOURCE | |
| Original cataloging agency | DLC |
| Transcribing agency | DLC |
| Modifying agency | C#P |
| -- | OCLCQ |
| -- | BAKER |
| -- | YDXCP |
| -- | DLC |
| 082 00 - DEWEY DECIMAL CLASSIFICATION NUMBER | |
| Classification number | 621.38224 |
| Edition number | 22 |
| Item number | KAI |
| 100 1# - MAIN ENTRY--PERSONAL NAME | |
| Personal name | Kaiser, Kenneth L. |
| 9 (RLIN) | 35904 |
| 245 10 - TITLE STATEMENT | |
| Title | Electromagnetic compatibility handbook / |
| Statement of responsibility, etc | Kenneth L. Kaiser. |
| 260 ## - PUBLICATION, DISTRIBUTION, ETC. (IMPRINT) | |
| Place of publication, distribution, etc | Boca Raton, United States : |
| Name of publisher, distributor, etc | CRC Press, |
| Date of publication, distribution, etc | c.2005. |
| 300 ## - PHYSICAL DESCRIPTION | |
| Extent | [Various pagings] : |
| Other physical details | charts, forms, tables ; |
| Dimensions | 26 cm. |
| 500 ## - GENERAL NOTE | |
| General note | Includes indexes. |
| 500 ## - GENERAL NOTE | |
| General note | Includes appendix. |
| 504 ## - BIBLIOGRAPHY, ETC. NOTE | |
| Bibliography, etc | Includes bibliographical references. |
| 650 #0 - SUBJECT ADDED ENTRY--TOPICAL TERM | |
| Topical term or geographic name as entry element | Electromagnetic compatibility |
| Form subdivision | Handbooks, manuals, etc. |
| 9 (RLIN) | 35905 |
| 653 ## - INDEX TERM--UNCONTROLLED | |
| Resource For college | Engineering, Electrical |
| Arrived date list | April2014 |
| 655 ## - INDEX TERM--GENRE/FORM | |
| Form subdivision | |
| -- | 34232 |
| 942 ## - ADDED ENTRY ELEMENTS (KOHA) | |
| Source of classification or shelving scheme | Dewey Decimal Classification |
| Call number prefix | 621.38224 KAI |
| Withdrawn status | Item status | Source of classification or shelving scheme | Damaged status | Not for loan | Vendor | Home library | Current library | Shelving location | Date acquired | Source of acquisition | Cost, normal purchase price | Total Checkouts | Full call number | Barcode | Date last seen | Cost, replacement price | Koha item type |
|---|---|---|---|---|---|---|---|---|---|---|---|---|---|---|---|---|---|
| Dewey Decimal Classification | Baccah | Central Library | Central Library | First floor | 07/04/2014 | 1250.00 | 621.38224 KAI | 000035878 | 15/07/2025 | 1562.50 | Book - Borrowing |